000 00883nam a2200229 i 4500
001 187392
003 SpMaBN
005 20230906222916.0
008 170628s1986 sp a c |||| |dspa d
020 _a84-505-3831-9
080 _a7:069(460.253 B)Bellas Artes
080 _a75:069.538.7(460.253 B)Bellas Artes
110 2 _aMuseo de Bellas Artes de Badajoz.
_9163284
245 1 0 _a31 obras del Museo Provincial de Bellas Artes /
_cCarmen Araya, Fernando Rubio.
260 _aBadajoz :
_bDepartamento de Publicaciones de la Diputación Provincial :
_bMuseo Provincial de Bellas Artes,
_c1986.
300 _a111 p. :
_bil. col. ;
_c30 cm.
504 _aReferencias bibliográficas.
610 2 7 _aMuseo de Bellas Artes de Badajoz-
_vCatálogo.
_9163285
700 1 _aAraya Iglesias, Carmen.
_922371
700 1 _aRubio García, Fernando.
_9100410
852 _aES-MaACL
_jL-31735
999 _c187392
_d187392